| 000 | 00000cam 2200000zi 4500 |
| 001 | 9.960492 |
| 003 | CaOODSP |
| 005 | 20260409111608 |
| 006 | m o d f |
| 007 | cr cn||||||||| |
| 008 | 260302e202603##onca ob f000 0 fre d |
| 020 | |a9780660987316 |
| 040 | |aCaOODSP|bfre|erda|cCaOODSP |
| 043 | |an-cn--- |
| 086 | 1 |aP29-32-310-2026F-PDF |
| 245 | 00|aSystèmes de production biologique : |bprincipes généraux et normes de gestion. |
| 250 | |a[Édition de mars 2026]. |
| 264 | 1|aOttawa (Ontario) : |bOffice des normes générales du Canada : |bConseil canadien des normes, |cmars 2026. |
| 264 | 4|c©2026 |
| 300 | |a1 ressource en ligne (93 pages) : |billustrations. |
| 336 | |atexte|btxt|2rdacontent/fre |
| 337 | |ainformatique|bc|2rdamedia/fre |
| 338 | |aressource en ligne|bcr|2rdacarrier/fre |
| 490 | 1 |aNorme nationale du Canada ; |vCAN/CGSB-32.310-2026 |
| 500 | |a« Remplace CAN/CGSB-32.310-2020, Rectificatif no 1. » |
| 500 | |aPublié aussi en anglais sous le titre : Organic production systems : general principles and management standards. |
| 500 | |aLe fichier de publication en format PDF a été remplacé le 7 avril 2026 à la requête de l'Office des normes générales du Canada. |
| 504 | |aComprend des références bibliographiques (page 93). |
| 520 | |a« La production biologique est un système de gestion holistique qui vise à maximiser la productivité et à favoriser la santé des diverses communautés de l'agroécosystème, notamment les organismes du sol, les végétaux, les animaux et les êtres humains. Le but premier de la production biologique est de développer des exploitations durables et respectueuses de l'environnement » -- Introduction, page 1. |
| 650 | 6|aAgriculture biologique|xNormes|zCanada. |
| 650 | 6|aIndustries agricoles|xNormes|zCanada. |
| 710 | 2 |aOffice des normes générales du Canada, |eorganisme de publication. |
| 710 | 2 |aConseil canadien des normes, |eorganisme de publication. |
| 775 | 08|tOrganic production systems : |w(CaOODSP)9.960491 |
| 795 | |tSystèmes de production biologique : |bRectificatif no 1, mars 2021|w(CaOODSP)9.894378 |
| 830 | #0|aNorme nationale du Canada ;|vCAN/CGSB-32.310-2026.|w(CaOODSP)9.504227 |
| 856 | 40|qPDF|s1.09 Ko|uhttps://publications.gc.ca/collections/collection_2026/ongc-cgsb/P29-32-310-2026-fra.pdf |
| 986 | |aICS 67.040/67.120.30 |